000 00823nam a2200325 a 4500
003 AR-BaBNM
005 20251128205707.0
008 082120s2002 ||||||||||||||000 | spa||
020 _a84-254-0596-3
040 _cAR-BaBNM
100 1 _aMoor, Paul
245 0 0 _aEl juego en la educación
250 _a4ª ed.
260 _aBarcelona
_bHerder
_c1987
300 _a160 p.
490 0 _aBiblioteca de psicología
_vv. 10
650 4 _aEDUCACION
650 4 _aJUEGO
650 4 _aJUEGOS INFANTILES
650 4 _aJUEGOS EDUCATIVOS
650 4 _aTRABAJO
650 4 _aACTITUD ANTE EL TRABAJO
650 4 _aPSICOTERAPIA
650 4 _aAFECTIVIDAD
650 4 _aPSICOLOGIA DE LA EDUCACION
650 4 _aEDUCACION Y TIEMPO LIBRE
700 1 _aStrack, Ramón
_etraductor
942 _cBK
998 _carturo
999 _c12435
_d12435